000 00902nac a22002771i 4500
003 EG-ScBUE
005 20260426090553.0
008 260426t1987 nyua f b 001 0 eng d
020 _a0716750198
040 _aEG-ScBUE
_beng
_erda
_cEG-ScBUE
_dEG-ScBUE
082 0 4 _a547.1
_bATK
_222
100 1 _aAtkins, P. W.,
_eauthor.
245 1 0 _aMolecules /
_cP. W. Atkins.
264 1 _aNew York :
_bScientific American Library,
_c[1987]
264 4 _cc1987
300 _aviii, 197 pages :
_billustrations (some color) ;
_c25 cm.
336 _2rdacontent
_atext
_btxt
337 _aunmediated
_2rdamedia
_bn
338 _avolume
_bnc
_2rdacarrier
490 0 _aScientific American Library series ;
_vno. 21
504 _aIncludes bibliographical references and index.
650 7 _aMolecular structure.
_2BUEsh
650 7 _aMolecules.
_2BUEsh
655 _vReading book
942 _cBB
_2ddc
999 _c6476
_d6476